书目信息 |
| 题名: |
青藏铁路之旅
|
|
| 作者: | 瓦兰 主编 | |
| 分册: | ||
| 出版信息: | 香港 亚洲旅游杂志社 2009.10 |
|
| 页数: | 241页 | |
| 开本: | 24cm | |
| 丛书名: | ||
| 单 册: | ||
| 中图分类: | K928 | |
| 科图分类: | ||
| 主题词: | 地理--旅游--中国 | |
| 电子资源: | ||
| ISBN: | ||
| 000 | 00684nam0 2200229 450 | |
| 001 | 1058084016 | |
| 005 | 20100805162138.23 | |
| 010 | @dCNY65.00 | |
| 100 | @a20100515d2009 km y0chiy0120 ea | |
| 101 | 0 | @achi |
| 102 | @aCN@b110000 | |
| 105 | @aa z 000yy | |
| 200 | 1 | @a青藏铁路之旅@Aqing cang tie lu zhi lu@f瓦兰主编@Fwa lan zhu bian |
| 210 | @a香港@c亚洲旅游杂志社@d2009.10 | |
| 215 | @a241页@c图@d24cm | |
| 300 | @a本书中文简体字版由著名品牌授权出版发行 | |
| 330 | @a本书讲的是青藏铁路之旅的故事,包括青藏铁路十四站停靠指南,拉萨之梦等。 | |
| 606 | 0 | @a地理@x旅游@x中国 |
| 690 | @aK928@v4 | |
| 701 | 0 | @a瓦兰@Awa lan@4主编 |
| 801 | 0 | @aCN@c20100515 |
| 905 | @dK928@eQ475@f5 | |
| 青藏铁路之旅/瓦兰主编.-香港:亚洲旅游杂志社,2009.10 |
| 241页:图;24cm |
| 本书中文简体字版由著名品牌授权出版发行 |
| ISBN :CNY65.00 |
| 本书讲的是青藏铁路之旅的故事,包括青藏铁路十四站停靠指南,拉萨之梦等。 |
| ● |
| 相关链接 |
|
|
|
正题名:青藏铁路之旅
索取号:K928/Q475
 
预约/预借
| 序号 | 登录号 | 条形码 | 馆藏地/架位号 | 状态 | 备注 |
| 1 | 996226 | 209962263 | 社科库309/309社科库 15排3列2层/ [索取号:K928/Q475] | 在馆 | |
| 2 | 996227 | 209962272 | 社科库309/309社科库 19排2列5层/ [索取号:K928/Q475] | 在馆 | |
| 3 | 996228 | 209962281 | 社科库309/309社科库 15排3列2层/ [索取号:K928/Q475] | 在馆 | |
| 4 | 996229 | 209962290 | 社科库309/309社科库 19排2列5层/ [索取号:K928/Q475] | 在馆 | |
| 5 | 996230 | 209962307 | 社科库309/309社科库 15排3列2层/ [索取号:K928/Q475] | 在馆 |